| 000 | 00667nam a22001937a 4500 | ||
|---|---|---|---|
| 005 | 20161206102604.0 | ||
| 010 | _aENG-116330 | ||
| 020 |
_a9789380077499 _c55.00 |
||
| 035 | _aEN-99862 | ||
| 037 | _bDBAD/PUB | ||
| 082 | _a641.5636 | ||
| 100 | _aTaste, British | ||
| 245 |
_aVegetraian cooking / _bby British Taste |
||
| 260 |
_aNew Delhi _b Radha Swami Satsang Beas _c2016 |
||
| 270 |
_a5,Guru Ravi Dass Marg,Pusa Road New Delhi _bNew Delhi _e110005 |
||
| 300 |
_a219p. _c24cm(pbk) |
||
| 500 | _aIncludes index | ||
| 942 |
_2ddc _cEN _h641.5636 _mTAS |
||
| 999 |
_c104336 _d104336 |
||